000 00300nam a22001337a 4500
008 171106b xxu||||| |||| 00| 0 eng d
020 _a9780470531259
041 _aeng
080 _26TH
_a330.722.6
100 _a61
101 _aKON
245 _aFINANCIAL ACCOUNTING
_cWEYGANDT
942 _2udc
_cBK
999 _c37851
_d37851